000 00974na a2200289 4500
001 13565
003 MIRAKIL
005 20181213154852.0
008 161102b tu 000 0
020 _a9751923298
035 _a13565
040 _aMilas
_btur
_cTR-AnCHP
082 _a331.4126
_bG42 1999
090 _a331.4126 G42 1999
245 _aGıda işkolunda çalışan kadınların koşulları ve geleceği
_caraştırmacılar; Meryem Koray, Sevda Demirbilek, Tunç Demirbilek
260 _aAnkara
_bT.C. Başbakanlık Kadının Statüsü ve Sorunları Genel Müdürlüğü
_c1999
300 _axiv, 261 s.
_btbl.
_c23 sm.
504 _aKaynakça ve dizin var.
650 _aKadınlar
_xSosyo ekonomik durum
_zTürkiye
650 _aKadınlar
_xİstihdam
650 _aKadın sorunu
_zTürkiye
650 _aKadınlar
_xÇalışma koşulları
700 _aDemirbilek, Tunç
700 _aDemirbilek, Sevda
700 _aKoray, Meryem
942 _2ddc
_cBKS
999 _c2296
_d2296